Práca v zahraničí - Írsko

Hľadanie práce v Írsku. Pracovné podmienky a pracovná zmluva. Príjmy a dane. Sociálne poistenie. Systém zdravotnej starostlivosti. Ubytovanie v Írsku. Podnikanie. Dávky v nezamestnanosti. Materské dávky. Životné náklady. Starobný dôchodok. Užitočné webové adresy.

Salvato in:
Dettagli Bibliografici
Autore principale: Petruňová, Iveta
Natura: Capitolo di libro
Lingua:slovacco
Soggetti:
Tags: Aggiungi Tag
Nessun Tag, puoi essere il primo ad aggiungerne!!

MARC

LEADER 00000naa a2200000 4500
001 0221628
005 20231109105821.9
041 0 |a slo 
044 |a SK 
245 1 0 |a Práca v zahraničí - Írsko  |c Iveta Petruňová 
520 |a Hľadanie práce v Írsku. Pracovné podmienky a pracovná zmluva. Príjmy a dane. Sociálne poistenie. Systém zdravotnej starostlivosti. Ubytovanie v Írsku. Podnikanie. Dávky v nezamestnanosti. Materské dávky. Životné náklady. Starobný dôchodok. Užitočné webové adresy. 
610 2 0 |a práca v zahraničí 
610 2 0 |a podmienky pracovné 
610 2 0 |a príjmy 
610 2 0 |a dane 
610 2 0 |a poistenie sociálne 
610 2 0 |a starostlivosť zdravotná 
610 2 0 |a dávky v materstve 
610 2 0 |a podnikanie 
610 2 0 |a Írsko 
100 1 |a Petruňová, Iveta